[Event "Olimpiade 2016 - Donne"]
[Site "Baku"]
[Date "12.09.2016"]
[Round "10.6"]
[Board "4"]
[White "Gara, Anita"]
[Black "Navrotescu, Andreea-Cristiana"]
[Result "1-0"]
[WhiteTitle "IM"]
[BlackTitle "WIM"]
[WhiteElo "2355"]
[BlackElo "2235"]
[WhiteTeam "Hungary"]
[BlackTeam "France"]
[WhiteFideId "709751"]
[BlackFideId "675946"]
[EventDate "2016.09.02"]

1. e4 c5 2. Nf3 e6 3. c3 Nf6 4. e5 Nd5 5. Bc4 Nb6 6. Bb3 c4 7. Bc2 d6 8. exd6
Bxd6 9. d3 cxd3 10. Qxd3 Nc6 11. O-O Be7 12. Qe2 O-O 13. Rd1 Qe8 14. Nbd2 f5 15.
Bb3 Rf6 16. a4 Kh8 17. a5 Nd5 18. Nc4 f4 19. Nce5 Nc7 20. Ra4 Nxe5 21. Qxe5 Bd7
22. Rxf4 Rc8 23. Rxf6 Bxf6 24. Qf4 e5 25. Qe4 Bc6 26. Qf5 Bxf3 27. Qxf3 Qb5 28.
Qh3 Re8 29. Bf7 Qe2 30. Rf1 Rd8 31. Bg6 h6 32. Bxh6 Kg8 33. Be3 Qb5 34. b4 b6
35. axb6 axb6 36. Bc2 Kf8 37. Bb3 Ke7 38. Qh5 Rd3 39. Qf7+ Kd8 40. Bc4 1-0

[Event "Olimpiade 2016 - Donne"]
[Site "Baku"]
[Date "12.09.2016"]
[Round "10.7"]
[Board "2"]
[White "Michna, Marta"]
[Black "Videnova, Iva"]
[Result "0-1"]
[WhiteTitle "WGM"]
[BlackTitle "IM"]
[WhiteElo "2383"]
[BlackElo "2386"]
[WhiteTeam "Germany"]
[BlackTeam "Bulgaria"]
[WhiteFideId "1106686"]
[BlackFideId "2907763"]
[EventDate "2016.09.02"]

1. d4 Nf6 2. c3 g6 3. Nf3 Bg7 4. h3 O-O 5. Bf4 d6 6. Nbd2 b6 7. e4 Bb7 8. Qc2
Nbd7 9. Be2 Re8 10. O-O e5 11. dxe5 dxe5 12. Be3 Qe7 13. b4 h6 14. Rfe1 c5 15.
b5 Nf8 16. a4 Nh5 17. a5 Ne6 18. Nc4 Qc7 19. Bf1 Rad8 20. axb6 axb6 21. Rad1 Nf6
22. Rxd8 Rxd8 23. Bc1 Ne8 24. Qa4 Ra8 25. Qb3 Kh7 26. Nfd2 Rd8 27. Ne3 Nf4 28.
Qc2 Ne6 29. Qb1 Rd7 30. Bc4 Nf4 31. Bf1 Qd8 32. Nf3 Nd3 33. Bxd3 Rxd3 34. Nd5 c4
35. Qb4 Bxd5 36. exd5 Qxd5 37. Qe7 Nd6 38. Nxe5 Rd1 39. Nf3 Rxe1+ 40. Qxe1 Nxb5
41. Bd2 Qe6 42. Qa1 Nd6 43. Be3 Nf5 44. Bd2 Qd5 45. Qa7 b5 46. Be1 Nd6 47. Qa5
Ne4 48. h4 Bf6 49. Qb4 Kg7 50. g4 Nxc3 51. g5 Ne2+ 52. Kf1 Qxf3 53. gxf6+ Kh7
54. Qd6 Nf4 0-1

[Event "Olimpiade 2016 - Donne"]
[Site "Baku"]
[Date "12.09.2016"]
[Round "10.7"]
[Board "4"]
[White "Fuchs, Judith"]
[Black "Voiska, Margarita"]
[Result "0-1"]
[WhiteTitle "WIM"]
[BlackTitle "WGM"]
[WhiteElo "2287"]
[BlackElo "2290"]
[WhiteTeam "Germany"]
[BlackTeam "Bulgaria"]
[WhiteFideId "24605611"]
[BlackFideId "2900602"]
[EventDate "2016.09.02"]

1. e4 d6 2. d4 Nf6 3. Nc3 e5 4. Nf3 Nbd7 5. Bc4 Be7 6. a4 O-O 7. O-O a5 8. h3 c6
9. Re1 h6 10. Be3 Re8 11. Ba2 Qc7 12. Nh4 Nf8 13. Qf3 exd4 14. Bxd4 Ne6 15. Be3
Ng5 16. Bxg5 hxg5 17. Nf5 Bf8 18. Rad1 Bxf5 19. Qxf5 Re5 20. Qf3 Rae8 21. Re2
Qe7 22. Rde1 g6 23. Re3 Bg7 24. Rd1 Qc7 25. Bb3 R8e7 26. g3 Rc5 27. Red3 Ne8 28.
Kg2 Bxc3 29. Rxc3 Rxc3 30. bxc3 Re5 31. Rh1 Qe7 32. h4 Nf6 33. hxg5 Rxg5 34. Rh4
Rh5 35. Rf4 Kg7 36. g4 Re5 37. Kf1 Rxe4 38. g5 Rxf4 39. Qxf4 Ne4 40. Bxf7 Qe5
41. Qxe5+ dxe5 42. Bb3 Nxg5 43. Ke2 Ne4 44. Ke3 Nc5 45. Bc4 Kf6 46. Bf1 Nxa4 47.
c4 Nc5 48. Bg2 g5 49. f3 Ke6 50. Bh3+ Kd6 51. Bf5 Na4 52. Bc8 b6 53. Kd3 Kc5 54.
Be6 Kb4 0-1

[Event "Olimpiade 2016 - Donne"]
[Site "Baku"]
[Date "12.09.2016"]
[Round "10.8"]
[Board "2"]
[White "Efroimski, Marsel"]
[Black "Daulyte, Deimante"]
[Result "1/2-1/2"]
[WhiteTitle "WIM"]
[BlackTitle "IM"]
[WhiteElo "2322"]
[BlackElo "2421"]
[WhiteTeam "Israel"]
[BlackTeam "Lithuania"]
[WhiteFideId "2810964"]
[BlackFideId "12802859"]
[EventDate "2016.09.02"]

1. e4 c5 2. Nf3 Nc6 3. Nc3 g6 4. d4 cxd4 5. Nxd4 Bg7 6. Be3 Nf6 7. Bc4 O-O 8.
Bb3 d6 9. h3 Na5 10. O-O b6 11. Re1 Bb7 12. Bg5 Nxb3 13. axb3 Re8 14. Qd2 a6 15.
Re2 b5 16. b4 Rc8 17. f3 Qb6 18. Be3 Qc7 19. Nb3 Rcd8 20. Qe1 d5 21. exd5 Nxd5
22. Nxd5 Rxd5 23. c3 Red8 24. Nc5 Bc8 25. Qf2 Qc6 26. Ree1 e5 27. Qe2 Bf8 28.
Red1 Be7 29. Rxd5 Rxd5 30. Rd1 Rxd1+ 31. Qxd1 a5 32. Qd2 axb4 33. cxb4 Bf5 34.
Bg5 f6 35. Be3 Kf7 36. Qd1 Kg7 37. Qd2 g5 38. Qd1 h5 39. Qd2 Kg6 40. Qd1 Kg7 41.
Qd2 g4 42. hxg4 hxg4 43. Qd1 gxf3 44. Qxf3 Qxf3 45. gxf3 Bd6 46. Kf2 Kf7 47. Bd2
Bc2 48. Ke2 Bf5 49. Be3 Bg6 50. Bd2 f5 51. Bc3 Ke7 52. Bd2 Be8 53. Bg5+ Kf7 54.
Bh4 Bc6 55. Be1 Be7 56. Bc3 Bf6 57. Ke3 Bg5+ 58. Ke2 Bf6 59. Ke3 Ke7 60. Ke2 Kf7 1/2-1/2

[Event "Olimpiade 2016 - Donne"]
[Site "Baku"]
[Date "12.09.2016"]
[Round "10.8"]
[Board "3"]
[White "Zaksaite, Salomeja"]
[Black "Gutmakher, Olga"]
[Result "0-1"]
[WhiteTitle "WIM"]
[BlackTitle "WIM"]
[WhiteElo "2298"]
[BlackElo "2216"]
[WhiteTeam "Lithuania"]
[BlackTeam "Israel"]
[WhiteFideId "12801496"]
[BlackFideId "2807602"]
[EventDate "2016.09.02"]

1. e4 c5 2. Nf3 Nc6 3. d4 cxd4 4. Nxd4 e5 5. Nb5 d6 6. N1c3 a6 7. Na3 b5 8. Nd5
Nge7 9. c4 Nd4 10. Bd3 Nxd5 11. cxd5 g6 12. O-O Bg7 13. Be3 O-O 14. Bxd4 exd4
15. Nc2 Bd7 16. Qd2 Rc8 17. Rfe1 f5 18. exf5 Bxf5 19. a4 Rc5 20. Bxf5 Rxf5 21.
Nb4 Rf8 22. axb5 axb5 23. Nc6 Qh4 24. b4 Rc4 25. g3 Qf6 26. Ra7 d3 27. Ra2 Qc3
28. Rd1 Qb3 29. Na5 Qxb4 30. Nxc4 Qxc4 31. Ra3 Bd4 32. Rf1 Rf3 33. Qa2 Bc5 34.
Ra8+ Kg7 35. Qa1+ Bd4 36. Qa2 Qxa2 37. Rxa2 Bc3 38. Rd1 g5 39. g4 d2 40. Rdxd2
Bxd2 41. Rxd2 b4 42. h4 gxh4 43. Rd4 b3 44. Kg2 Rc3 45. Rb4 h3+ 46. Kh2 Rf3 47.
Rb6 Kf6 48. Rxd6+ Ke5 49. Rh6 b2 50. Rb6 Rxf2+ 51. Kxh3 Kxd5 52. Kh4 Kc4 53. Kg5
Kc3 54. Kh6 Rh2+ 55. Kg7 Kc2 56. Rc6+ Kd1 57. Rb6 Kc1 58. Rc6+ Rc2 59. Rb6 Rc7+ 0-1

[Event "Olimpiade 2016 - Donne"]
[Site "Baku"]
[Date "12.09.2016"]
[Round "10.8"]
[Board "4"]
[White "Lahav, Michal"]
[Black "Batyte, Daiva"]
[Result "1/2-1/2"]
[BlackTitle "WFM"]
[WhiteElo "2054"]
[BlackElo "2189"]
[WhiteTeam "Israel"]
[BlackTeam "Lithuania"]
[WhiteFideId "2813742"]
[BlackFideId "12801860"]
[EventDate "2016.09.02"]

1. e4 e6 2. d4 d5 3. Nd2 c5 4. Ngf3 Nc6 5. exd5 exd5 6. Bb5 Bd6 7. dxc5 Bxc5 8.
O-O Ne7 9. Nb3 Bd6 10. Bg5 f6 11. Bh4 O-O 12. Nbd4 Bg4 13. Be2 Re8 14. Re1 Rc8
15. Qd2 a6 16. Rad1 Qc7 17. Bg3 Bxg3 18. hxg3 Ng6 19. c3 Rcd8 20. Nc2 Qf7 21.
Ng5 Rxe2 22. Qxe2 Bxe2 23. Nxf7 Bxd1 24. Nxd8 Bxc2 25. Re8+ Nf8 26. Nxb7 d4 27.
cxd4 Nxd4 28. Nc5 Kf7 29. Ra8 Nfe6 30. Nxe6 Kxe6 31. Rxa6+ Kd5 32. Ra5+ Kc6 33.
Ra7 Ne6 34. Ra6+ Kd7 35. Rb6 Nc7 36. Rb4 Bf5 37. a4 Kc6 38. Rb8 Bc2 39. Rb4 Bd3
40. Rb3 Ba6 41. Rc3+ Kb6 42. Re3 Nd5 43. Re6+ Ka5 44. b3 g5 45. b4+ Nxb4 46.
Rxf6 Bd3 47. Rf8 Kxa4 48. Rg8 Bg6 49. f4 Nd5 50. Rd8 Nf6 51. f5 Bh5 52. Rd6 Ng8
53. Rd8 Bf7 54. Rd6 h5 55. g4 h4 56. Kh2 Kb5 57. Kh3 Kc5 58. Rd7 Nh6 59. Rd8 Bd5
60. Rb8 Nf7 61. g3 hxg3 62. Kxg3 Kd6 63. Re8 Kd7 64. Re1 Nd6 65. Re5 Ne4+ 66.
Kh3 Kd6 67. Re8 Nf6 68. Rd8+ Ke5 69. Kg3 Bc4 70. Kf3 Bd5+ 71. Kg3 Ne4+ 72. Kh3
Bc4 73. Kg2 Nf6 74. Kf3 Bf1 75. Ra8 Bc4 76. Rd8 Bb5 77. Rc8 Ba4 78. Rc1 Bb3 79.
Re1+ Kd4 80. Kg3 Kd3 81. Re7 Bd5 82. Rg7 Ne4+ 83. Kf3 Kd4 84. Rg6 Ke5 85. Rg7
Nd6+ 86. Ke3 Nf7 87. Rg6 Bb3 88. Rg7 Kf6 89. Rg6+ Ke7 90. Ke2 Bd5 91. Ke3 Bb3
92. Ke2 Kf8 93. Kf2 Bd1 94. Kg3 Bb3 1/2-1/2

[Event "Olimpiade 2016 - Donne"]
[Site "Baku"]
[Date "12.09.2016"]
[Round "10.9"]
[Board "1"]
[White "Theissl Pokorna, Regina"]
[Black "Reizniece-Ozola, Dana"]
[Result "1-0"]
[WhiteTitle "WGM"]
[BlackTitle "WGM"]
[WhiteElo "2331"]
[BlackElo "2243"]
[WhiteTeam "Austria"]
[BlackTeam "Latvia"]
[WhiteFideId "14902052"]
[BlackFideId "11601124"]
[EventDate "2016.09.02"]

1. e4 c5 2. c3 e6 3. d4 d5 4. e5 Nc6 5. Nf3 Qb6 6. a3 a5 7. Bd3 Bd7 8. Bc2 Qa6
9. c4 dxc4 10. dxc5 Bxc5 11. Nc3 f5 12. O-O Nge7 13. Ba4 Nb8 14. b4 cxb3 15.
Qxb3 Nbc6 16. Nb5 Nd5 17. Rd1 Qb6 18. Rxd5 exd5 19. Nd6+ Ke7 20. Qxd5 Be6 21.
Bg5+ Kd7 22. Qd3 Qb2 23. Nc4+ 1-0

[Event "Olimpiade 2016 - Donne"]
[Site "Baku"]
[Date "12.09.2016"]
[Round "10.9"]
[Board "2"]
[White "Rogule, Laura"]
[Black "Newrkla, Katharina"]
[Result "1/2-1/2"]
[WhiteTitle "WGM"]
[BlackTitle "WIM"]
[WhiteElo "2306"]
[BlackElo "2214"]
[WhiteTeam "Latvia"]
[BlackTeam "Austria"]
[WhiteFideId "11601876"]
[BlackFideId "1621629"]
[EventDate "2016.09.02"]

1. d4 Nf6 2. Nf3 g6 3. g3 Bg7 4. Bg2 O-O 5. c4 d6 6. Nc3 Nc6 7. O-O a6 8. Bf4
Rb8 9. Rc1 Bf5 10. b3 Ne4 11. Nd5 e5 12. Be3 Re8 13. dxe5 dxe5 14. Nh4 Nd6 15.
c5 Nb5 16. Nxf5 gxf5 17. Qd2 Nbd4 18. Rfd1 e4 19. Nb4 Qf6 20. Nxc6 Nxc6 21. Bg5
Qe6 22. Qd7 Qxd7 23. Rxd7 Nd4 24. Kf1 Ne6 25. Be3 Rbd8 26. Rcd1 Rxd7 27. Rxd7
Bf8 28. Bh3 Bxc5 29. Bxc5 Nxc5 30. Rxc7 Re5 31. b4 Ne6 32. Rxb7 Ng5 33. Bg2 Rd5
34. Ke1 Rd6 35. a4 Ne6 36. Bh3 Nd4 37. Kf1 Rh6 38. Kg2 f4 39. Bg4 f5 40. Rd7
fxg4 41. Rxd4 f3+ 42. Kf1 Rxh2 43. Ke1 Rh1+ 44. Kd2 Ra1 45. Rxe4 Ra2+ 46. Kd3
fxe2 47. Rxg4+ Kf7 48. Re4 Rxa4 49. Kxe2 a5 50. Rf4+ Kg6 51. b5 Ra3 52. Rf3 Ra2+
53. Kd3 Ra3+ 54. Ke4 Rxf3 55. Kxf3 a4 56. b6 a3 57. b7 a2 58. b8=Q a1=Q 59. Qg8+
Kh6 60. Qf8+ Kg6 61. Qd6+ Kg7 62. Kg4 Qe1 63. Qd4+ Kg6 64. Qd3+ Kg7 65. f4 Qe6+
66. Qf5 Qe2+ 67. Kh4 Qh2+ 68. Qh3 Qd2 69. Qg4+ Kf7 70. Qf5+ Kg7 71. Qe5+ Kf7 72.
Qc7+ Kg8 73. Kg5 Qd3 74. Qc8+ Kg7 75. Qc7+ Kg8 76. f5 Qe3+ 77. Kh4 Qe4+ 78. g4
Qe3 79. Qd8+ Kf7 80. Qd7+ Kf6 81. Qd8+ Kf7 82. Kh5 Qh3+ 83. Qh4 Qe3 84. Qh1 Kf6
85. Qc6+ Kg7 86. Qd7+ Kf6 87. Qd6+ Kf7 88. Qh2 Kf6 89. Qb2+ Kf7 90. Qa2+ Kg7 91.
Qb2+ Kf7 92. Qh2 Kf6 93. Qh4+ Kf7 94. g5 Qf3+ 95. Kh6 Qxf5 96. Qc4+ Kf8 97. Qb4+
Kf7 98. Qb7+ Ke6 99. Qc8+ Ke5 100. Qc7+ Ke6 101. Qc8+ Ke5 102. Qb8+ Ke4 103.
Qb7+ Kf4 104. Qc7+ Kg4 105. Qc4+ Kg3 106. Qc3+ Kf4 107. Qd4+ Kg3 108. Qf6 Kg4
109. Qd4+ Kg3 110. Qe3+ Kg4 111. Qg1+ 1/2-1/2

[Event "Olimpiade 2016 - Donne"]
[Site "Baku"]
[Date "12.09.2016"]
[Round "10.9"]
[Board "3"]
[White "Exler, Veronika"]
[Black "Berzina, Ilze"]
[Result "1/2-1/2"]
[WhiteTitle "WFM"]
[BlackTitle "WGM"]
[WhiteElo "2220"]
[BlackElo "2241"]
[WhiteTeam "Austria"]
[BlackTeam "Latvia"]
[WhiteFideId "1620550"]
[BlackFideId "11601345"]
[EventDate "2016.09.02"]

1. d4 d5 2. c4 c6 3. Nf3 Nf6 4. g3 Bf5 5. Bg2 e6 6. O-O Be7 7. Nc3 h6 8. Qb3 Qb6
9. c5 Qxb3 10. axb3 Na6 11. Ra4 Bc2 12. Ne5 Rc8 13. Ra3 Nd7 14. Nxd7 Kxd7 15.
Bd2 g5 16. Rc1 Bg6 17. b4 Nxb4 18. Rxa7 Nc2 19. e4 Nxd4 20. Be3 Bxc5 21. Rxb7+
Kd8 22. Rd1 e5 23. b4 Bf8 24. exd5 cxd5 25. Nxd5 Bc2 26. Rd2 Ba4 27. Bxd4 exd4
28. Rxd4 Rc1+ 29. Bf1 Bg7 30. Rc4 Rxc4 31. Bxc4 Re8 32. Rxf7 Bd4 33. b5 Re1+ 34.
Kg2 Rc1 35. Bd3 Bb3 36. Be4 Re1 37. Bf3 Bc4 38. Rf8+ Kd7 39. Ne3 Bxb5 40. Bg4+
Kc7 41. Nc2 Bc6+ 42. Bf3 Bc5 43. Rf7+ Re7 44. Rxe7+ Bxe7 45. Bxc6 Kxc6 46. Nd4+
Kd5 47. Nf5 Bf8 48. Kf3 Ke5 49. Kg4 Kf6 50. Ne3 Kg6 51. h3 Bc5 52. Kf3 Ba7 53.
Ke4 Bb6 54. f4 gxf4 55. gxf4 Bd8 56. Ng2 Bf6 57. Kf3 Kf5 58. Ne3+ Kg6 59. Kg4
Bd4 60. Nd5 h5+ 61. Kf3 Bc5 62. Ke4 Bd6 63. Ne3 Bc7 64. Nc4 Bd8 65. Nd6 Bc7 66.
Ne8 Bb8 67. Kf3 Kf7 68. Kg3 Kxe8 1/2-1/2

[Event "Olimpiade 2016 - Donne"]
[Site "Baku"]
[Date "12.09.2016"]
[Round "10.9"]
[Board "4"]
[White "Erneste, Inguna"]
[Black "Hapala, Elisabeth"]
[Result "1/2-1/2"]
[WhiteTitle "WGM"]
[BlackTitle "WFM"]
[WhiteElo "2178"]
[BlackElo "2021"]
[WhiteTeam "Latvia"]
[BlackTeam "Austria"]
[WhiteFideId "11600241"]
[BlackFideId "1622080"]
[EventDate "2016.09.02"]

1. e4 c5 2. Nf3 e6 3. d4 cxd4 4. Nxd4 Nc6 5. Nc3 Qc7 6. Be2 a6 7. O-O Nf6 8. Be3
Bb4 9. Na4 Be7 10. Nxc6 bxc6 11. Nb6 Rb8 12. Nxc8 Qxc8 13. Bd4 c5 14. Be5 Rb6
15. b3 Nxe4 16. Bxg7 Rg8 17. Bb2 Bf6 18. Bxf6 Nxf6 19. Re1 Ke7 20. Bf3 Rg6 21.
Qd2 Qc7 22. h3 Rd6 23. Qf4 Qa5 24. Red1 Qb6 25. Qe5 a5 26. a3 h6 27. Qc3 Rd4 28.
Rxd4 cxd4 29. Qd3 Qc5 30. Re1 Rg5 31. h4 Re5 32. Rd1 Qxa3 33. Qxd4 Qc5 34. Qd2
h5 35. Ra1 Qb4 36. Qxb4+ axb4 37. Ra4 Rb5 38. Kf1 d5 39. Ke2 Ng4 40. Ra7+ Kf6
41. Bxg4 hxg4 42. h5 Kg5 43. Rxf7 Kxh5 44. Rc7 Kg5 45. Kd2 Kf5 46. Rh7 Ke4 47.
Rf7 Rb8 48. Rg7 Kf5 49. Rf7+ Ke4 50. Rg7 Kf5 51. Rf7+ Ke5 1/2-1/2

[Event "Olimpiade 2016 - Donne"]
[Site "Baku"]
[Date "12.09.2016"]
[Round "10.10"]
[Board "1"]
[White "Lujan, Carolina"]
[Black "Khademalsharieh, Sarasadat"]
[Result "1/2-1/2"]
[WhiteTitle "IM"]
[BlackTitle "IM"]
[WhiteElo "2378"]
[BlackElo "2429"]
[WhiteTeam "Argentina"]
[BlackTeam "Iran"]
[WhiteFideId "109878"]
[BlackFideId "12512214"]
[EventDate "2016.09.02"]

1. e4 e5 2. Nf3 Nc6 3. Bc4 Bc5 4. d3 Nf6 5. O-O O-O 6. Bb3 h6 7. c3 d6 8. h3 a6
9. Be3 Bxe3 10. fxe3 Be6 11. Bc2 d5 12. exd5 Nxd5 13. Qe2 f5 14. Bb3 Qd7 15.
Nbd2 Rae8 16. Nh4 f4 17. Ne4 Bf7 18. Bxd5 Bxd5 19. exf4 Rxf4 20. Ng6 Rxf1+ 21.
Rxf1 Bf7 22. Nh4 Rf8 23. a3 Ne7 24. Qf3 Nd5 25. Qg3 Qe6 26. Nf5 Bg6 27. Ne3 Nf4
28. Qe1 Rd8 29. Nc5 Qc6 30. d4 b6 31. Nb3 Be4 32. Qh4 Rf8 33. dxe5 Ne2+ 34. Kh2
Rxf1 35. Nxf1 Qd5 36. Qh5 Nf4 37. Qe8+ Kh7 38. Nd4 c5 39. Ne3 Qa2 40. Ndf5 Bxf5
41. Qf8 Be6 42. Qxf4 Qxb2 43. Qe4+ Kh8 44. Qa8+ Kh7 45. Qe4+ Kh8 1/2-1/2

[Event "Olimpiade 2016 - Donne"]
[Site "Baku"]
[Date "12.09.2016"]
[Round "10.10"]
[Board "2"]
[White "Pourkashiyan, Atousa"]
[Black "Zuriel, Marisa"]
[Result "1/2-1/2"]
[WhiteTitle "WGM"]
[BlackTitle "WIM"]
[WhiteElo "2335"]
[BlackElo "2272"]
[WhiteTeam "Iran"]
[BlackTeam "Argentina"]
[WhiteFideId "12502014"]
[BlackFideId "109142"]
[EventDate "2016.09.02"]

1. e4 c5 2. Nf3 d6 3. d4 cxd4 4. Nxd4 Nf6 5. Nc3 e6 6. Be2 Be7 7. O-O O-O 8. f4
Nc6 9. Kh1 e5 10. Nf5 Bxf5 11. exf5 exf4 12. Bf3 Qa5 13. Bxf4 Qxf5 14. Bxc6 bxc6
15. Bxd6 Qe6 16. Bxe7 Qxe7 17. Qf3 Rab8 18. b3 Qc5 19. Qg3 Kh8 20. Rf3 Rbe8 21.
Raf1 Re6 22. h3 Rfe8 23. Qh4 Qe7 24. Qc4 h6 25. Rf5 Qd6 26. Qc5 Qg3 27. R5f3 Qc7
28. a4 a6 29. Qf2 Qa5 30. Qh4 Qd8 31. Qc4 a5 32. Qc5 Qc7 33. Nb5 Qd7 34. Rd3 Nd5
35. Nc3 Re1 36. Qf2 Rxf1+ 37. Qxf1 Re5 38. Qf2 Qe6 39. Nxd5 Rxd5 40. Rf3 Rd1+
41. Kh2 Kg8 42. Qg3 Rd5 43. Qb8+ Kh7 44. Qf4 Kg8 45. Re3 Qd7 46. Rg3 Kh7 47. c3
c5 48. Re3 Rf5 49. Qe4 Qd6+ 50. Kh1 g6 51. Qb1 1/2-1/2

[Event "Olimpiade 2016 - Donne"]
[Site "Baku"]
[Date "12.09.2016"]
[Round "10.10"]
[Board "3"]
[White "Fernandez, Maria Florencia"]
[Black "Hejazipour, Mitra"]
[Result "1-0"]
[WhiteTitle "WIM"]
[BlackTitle "WGM"]
[WhiteElo "2189"]
[BlackElo "2314"]
[WhiteTeam "Argentina"]
[BlackTeam "Iran"]
[WhiteFideId "116459"]
[BlackFideId "12505951"]
[EventDate "2016.09.02"]

1. d4 Nf6 2. c4 e6 3. Nc3 Bb4 4. a3 Bxc3+ 5. bxc3 d5 6. cxd5 exd5 7. e3 O-O 8.
Bd3 c5 9. f3 b6 10. Ne2 Ba6 11. O-O Re8 12. Ng3 h5 13. Bxa6 Nxa6 14. Qd3 Nc7 15.
Bb2 c4 16. Qe2 Ne6 17. Qd2 Nf8 18. Rae1 Ng6 19. Qc2 Re6 20. Bc1 Qe8 21. Qf5 h4
22. Nh1 Qa4 23. e4 Qc2 24. Nf2 Qxc3 25. e5 Nd7 26. Rd1 b5 27. Nh3 Ne7 28. Qg4
Nf8 29. Nf4 Rc6 30. Qxh4 Nfg6 31. Nxg6 Nxg6 32. Qg4 Rd8 33. f4 a5 34. f5 Nxe5
35. dxe5 Qxe5 36. Rde1 Qd6 37. f6 g6 38. Qh4 d4 39. Re7 Qc5 40. Bg5 d3+ 41. Kh1
Rxf6 42. Bxf6 Qh5 43. Qxh5 gxh5 44. Re5 Rd6 45. Rxh5 Rxf6 46. Rxf6 b4 47. axb4
axb4 48. Rd5 b3 49. Rb6 1-0

[Event "Olimpiade 2016 - Donne"]
[Site "Baku"]
[Date "12.09.2016"]
[Round "10.10"]
[Board "4"]
[White "Hakimifard, Ghazal"]
[Black "Martinez, Ayelen"]
[Result "1-0"]
[WhiteTitle "WIM"]
[BlackTitle "WIM"]
[WhiteElo "2308"]
[BlackElo "2219"]
[WhiteTeam "Iran"]
[BlackTeam "Argentina"]
[WhiteFideId "12506540"]
[BlackFideId "118702"]
[EventDate "2016.09.02"]

1. e4 c5 2. Nf3 d6 3. d4 cxd4 4. Nxd4 Nf6 5. Nc3 a6 6. Be3 e5 7. Nf3 Be6 8. Ng5
b5 9. Be2 Bc4 10. O-O h6 11. Nf3 Be6 12. Nd5 Nxd5 13. exd5 Bd7 14. Nd2 Be7 15.
f3 O-O 16. a4 bxa4 17. Nc4 Be8 18. Nb6 Ra7 19. Nxa4 Rb7 20. Kh1 f5 21. b3 f4 22.
Bg1 Bh4 23. Bd3 Bg3 24. Qe2 Qh4 25. Nc3 g6 26. Ne4 Rf5 27. Nxg3 fxg3 28. Bxf5
gxf5 29. Qc4 Qh5 30. Qc8 Rb4 31. Ra4 Rb5 32. Qd8 Qg6 33. hxg3 Nd7 34. g4 f4 35.
c4 Rxb3 36. Rxa6 Kf8 37. c5 Qd3 38. Ra8 Rb8 39. Rxb8 Nxb8 40. Qxd6+ Kf7 41. Ra1 1-0

[Event "Olimpiade 2016 - Donne"]
[Site "Baku"]
[Date "12.09.2016"]
[Round "10.11"]
[Board "1"]
[White "Narva, Mai"]
[Black "Pham, Le Thao Nguyen"]
[Result "0-1"]
[WhiteTitle "WIM"]
[BlackTitle "IM"]
[WhiteElo "2238"]
[BlackElo "2338"]
[WhiteTeam "Estonia"]
[BlackTeam "Vietnam"]
[WhiteFideId "4500512"]
[BlackFideId "12401226"]
[EventDate "2016.09.02"]

1. e4 e5 2. Nf3 Nc6 3. d4 exd4 4. Nxd4 Bc5 5. Nxc6 Qf6 6. Qf3 dxc6 7. Nc3 Be6 8.
Be3 Bb4 9. Bd2 O-O-O 10. Bd3 Qxf3 11. gxf3 Ne7 12. O-O-O c5 13. a3 Ba5 14. Rhg1
c4 15. Be2 g6 16. Bg5 Bxc3 17. bxc3 Rxd1+ 18. Rxd1 Re8 19. h4 Ng8 20. Be3 Nf6
21. a4 b6 22. Rd4 a5 23. Bxc4 Bxc4 24. Rxc4 c5 25. Bf4 Nd7 26. e5 Nxe5 27. Re4
f6 28. Bxe5 Rxe5 29. Kd2 Kd7 30. Kd3 Kd6 31. Rg4 Kd5 32. Rg1 c4+ 33. Kd2 Kc6 34.
Rg4 Kc5 35. Kc1 Re2 36. Rg2 Re1+ 37. Kd2 Rh1 38. Ke3 b5 39. axb5 a4 40. h5 a3
41. b6 a2 42. b7 a1=Q 43. b8=Q Qc1+ 0-1

[Event "Olimpiade 2016 - Donne"]
[Site "Baku"]
[Date "12.09.2016"]
[Round "10.11"]
[Board "2"]
[White "Hoang, Thi Bao Tram"]
[Black "Tsiganova, Monika"]
[Result "1/2-1/2"]
[WhiteTitle "WGM"]
[BlackTitle "WIM"]
[WhiteElo "2325"]
[BlackElo "2095"]
[WhiteTeam "Vietnam"]
[BlackTeam "Estonia"]
[WhiteFideId "12401102"]
[BlackFideId "4500199"]
[EventDate "2016.09.02"]

1. d4 Nf6 2. c4 e6 3. Nc3 Bb4 4. Qc2 O-O 5. a3 Bxc3+ 6. Qxc3 b6 7. Bg5 Bb7 8. f3
h6 9. Bh4 d6 10. e3 Nbd7 11. Bd3 c5 12. Ne2 Rc8 13. Qd2 cxd4 14. exd4 e5 15. O-O
d5 16. cxd5 Bxd5 17. Ba6 Rc6 18. dxe5 Nxe5 19. Bxf6 Rxf6 20. Rad1 Rd6 21. Nc3 b5
22. Bxb5 Qb6+ 23. Qf2 Bc4 24. Rxd6 Qxd6 25. Rd1 Qb8 26. a4 Rc8 27. Bxc4 Nxc4 28.
Nd5 Re8 29. b4 Qe5 30. Qd4 Nb2 31. f4 Qxd4+ 32. Rxd4 Nxa4 33. b5 Nb6 34. Nb4 Re2
35. Nc6 Ra2 36. h4 g6 37. f5 Kg7 38. fxg6 fxg6 39. Rd6 g5 40. h5 Nc4 41. Rg6+
Kh7 42. Re6 a5 43. Re4 Rc2 44. Re7+ Kg8 45. Ra7 g4 46. Kh2 Rb2 47. Ne7+ Kf8 48.
Ng6+ Kg8 49. Ne7+ Kf8 50. Ng6+ 1/2-1/2

[Event "Olimpiade 2016 - Donne"]
[Site "Baku"]
[Date "12.09.2016"]
[Round "10.11"]
[Board "3"]
[White "Olde, Margareth"]
[Black "Nguyen, Thi Mai Hung"]
[Result "0-1"]
[BlackTitle "WGM"]
[WhiteElo "2003"]
[BlackElo "2316"]
[WhiteTeam "Estonia"]
[BlackTeam "Vietnam"]
[WhiteFideId "4503082"]
[BlackFideId "12401676"]
[EventDate "2016.09.02"]

1. c4 c6 2. e4 d5 3. exd5 cxd5 4. d4 Nf6 5. Nc3 g6 6. Nf3 Bg7 7. Be2 O-O 8. O-O
Nc6 9. Re1 dxc4 10. d5 Na5 11. Bf4 a6 12. Ne5 Bf5 13. Nxc4 Nxc4 14. Bxc4 b5 15.
Bb3 Ra7 16. a3 Rd7 17. f3 Nxd5 18. Nxd5 Be6 19. Nxe7+ Qxe7 20. Qe2 Qc5+ 21. Be3
Qe5 22. Bxe6 Qxe6 23. Bc5 Rc8 24. Qf2 Qb3 25. Rab1 h5 26. Kh1 Rdc7 27. Bd4 Rc2
28. Qg1 Rd2 29. Bxg7 Kxg7 30. Red1 Rcc2 31. Rxd2 Rxd2 32. Qe1 Qc2 33. Qe5+ Kh7
34. Re1 Qxb2 35. Qf4 Kg7 36. h3 Rd7 37. Re8 Qxa3 38. Qe5+ f6 39. Qe2 Qd6 40. Qa2
Qd1+ 41. Kh2 Qd6+ 42. Kh1 Qf4 43. Qg8+ Kh6 44. Qf8+ Kg5 45. Qc5+ f5 46. Re1 Qd4
47. Qc8 a5 48. Qf8 h4 49. Rf1 b4 50. f4+ Kh5 51. Qa8 Ra7 52. Qf3+ Kh6 53. Rd1
Qf6 54. Qb3 Kh7 55. Rc1 Qf7 56. Qb2 Rc7 57. Rd1 Qe7 58. Qb3 Qe4 59. Rf1 Qc4 60.
Qf3 b3 61. Qf2 Kg7 62. Re1 Qb4 63. Qxh4 b2 64. Re8 b1=Q+ 65. Kh2 Kf7 66. Rh8 Qd4
67. Rh7+ Ke6 0-1